000 00612nam a2200229Ia 4500
003 OSt
005 20221007072032.0
006 a|||||r|||| 00| 0
007 ta
008 221006b |||||||| |||| 00| 0 eng d
024 _a13,628
037 _cTextual
040 _aFLL
_cFLL
_beng
041 _2eng
_aeng
082 _aV73:23:N3, G8
100 _aJohnson A.W. Au.
_9689953
245 0 _aUnicameral legislature
260 _aLondon
_bOxford university press London
_c1938
300 _a198p
_ccm.
942 _hV73:23:N3, G8
_cTEXL
_2CC
999 _c1145053
_d1145053